La Globalización económica-financiera y el impacto en America Latina: estrategias de regulación y respuestas sociales y políticas del movimiento popular /
Lo que sigue es un ensayo de reflexión sobre las particularidades discursivas que envisten de legitimidad las relaciones internacionales de hegemonía en el momento actual y desde la perspectiva de América Latina - como nuestro objeto de análisis y como lugar desde donde hilvanamos estas ideas. DOC/W...
محفوظ في:
| المؤلف الرئيسي: | |
|---|---|
| مؤلفون مشاركون: | , |
| مؤلفون آخرون: | |
| التنسيق: | نص |
| منشور في: |
Buenos Aires:
CLACSO. ATTAC. ASDI
|
| الموضوعات: | |
| الوسوم: |
إضافة وسم
لا توجد وسوم, كن أول من يضع وسما على هذه التسجيلة!
|
MARC
| LEADER | 00000 a a2200000 04500 | ||
|---|---|---|---|
| 001 | 27263 | ||
| 003 | |||
| 040 | |a CRAI/IIS |c CRAI/IIS | ||
| 090 | |a 184203 | ||
| 100 | |a Gambina, Julio | ||
| 110 | |a CLACSO | ||
| 245 | |a La Globalización económica-financiera y el impacto en America Latina: estrategias de regulación y respuestas sociales y políticas del movimiento popular / |c CLACSO | ||
| 260 | |a Buenos Aires: |b CLACSO. ATTAC. ASDI | ||
| 300 | |a 394 p | ||
| 500 | |a Disponible en Cd, en No.194111 | ||
| 520 | |a Lo que sigue es un ensayo de reflexión sobre las particularidades discursivas que envisten de legitimidad las relaciones internacionales de hegemonía en el momento actual y desde la perspectiva de América Latina - como nuestro objeto de análisis y como lugar desde donde hilvanamos estas ideas. DOC/WMV | ||
| 650 | |a GLOBALIZACION | ||
| 650 | |a MODELOS ECONOMICOS | ||
| 650 | |a LIBERALISMO | ||
| 650 | |a DEUDA EXTERNA | ||
| 650 | |a RELACIONES INTERNACIONALES | ||
| 650 | |a PAZ | ||
| 650 | |a GUERRA | ||
| 650 | |a CONFLICTOS POLITICOS | ||
| 650 | |a LIDERAZGO POLITICO | ||
| 650 | |a HEGEMONIA | ||
| 650 | |a IDEOLOGIAS POLITICAS | ||
| 650 | |a UTOPIA | ||
| 650 | |a REVOLUCION | ||
| 700 | |a comp | ||
| 710 | |a ATTAC |a ASDI | ||
| 999 | |c 12562 |d 12562 | ||
